000 00666cam a2200241 4500
008 090401t1991 xxu||||| |||| 00| 0 eng d
020 _a0582089522
035 _a(Sirsi) u6869
041 _aeng
050 _a333.32
100 _aLarsson, Gerhard
245 _aLand registration and cadastral systems: tools for land information and management.
260 _aHarlow
_bLongman Scientific & Technical
_c1991
300 _axi,175p. : ill. ; 24cm.
350 _a15.99
650 _aCADASTRAL SURVEYING
650 _aCADASTRE
650 _aLAND INFORMATION SYSTEMS
650 _aLAND REGISTRATION
690 _aLAND
942 _n0
948 _c04/03/1997
999 _c86361
_d86361